000 00282nam a22001097a 4500
008 160518b xxu||||| |||| 00| 0 eng d
020 _a9780803623545
041 _aeng
080 _a618.2
245 _aFundamentals of nursing:
_cJudith M. Wilkinson; Leslie S. Treas;
942 _2udc
_cBK
999 _c2171
_d2171